| 000 | 00493pab a2200145 454500 | ||
|---|---|---|---|
| 008 | 180718b2004 xxu||||| |||| 00| 0 eng d | ||
| 100 | _aGerlak, Andera K. | ||
| 245 | _aThe global environment facility and transboundary water resource management: new institutional arrangements in the Danube river and black sea region | ||
| 260 | _c2004 | ||
| 300 | _ap.400-24. | ||
| 362 | _aDec | ||
| 650 | _aWater resources management | ||
| 773 | _aJournal of Environment and Development | ||
| 909 | _a63268 | ||
| 999 |
_c63268 _d63268 |
||